00865nas a2200253 4500001001300000003000900013005001700022007000300039008003400042040005400076041000900130072000800139100001700147100002000164100001700184100002100201100002500222100002000247245016800267650003500435650002100470650001200491773010800503BR2017000540BR-BrBNA20231205130832.0ta230509b bl.|||p| |||| 00| 00por d aBR-BrBNAbporcBiblioteca Nacional de Agricultura a(En) aP341 aCosta, H.A.O1 aStürmer, S.L.1 aRagonezi, C.1 aGrazziotti, P.H.1 aGrazziotti, D.C.F.S.1 aSilva, E. de B.1 aSpecies richness and root colonization of arbuscular mycorrhizal fungi in Syngonanthus elegans, an endemic and threatened species from the cerrado domain in Brazil aMICORRIZA VESICULAR ARBUSCULAR aBIOLOGIA DO SOLO aCERRADO0 tCiência e Agrotecnologia (Brazil)xISSN 1413-7054 g(May-Jun 2016), v. 40(3) p. 326-336wBR2017000540